000 00738nam a22001817a 4500
005 20251007103139.0
010 _aHIN-130469
020 _c200.00
_a9789391546571
035 _aHN-102815
037 _bDBAD
082 _a821
100 _aसभाचंद 'दुबलाना'
_985385
245 _aअहीरवाटी सतसई:
_cसभाचंद 'दुबलाना'
_bदोहा - संग्रह /
260 _aनई दिल्ली
_bशब्दांकुर प्रकाशन
_c2022
270 _aजे.-2-41, मदनगीर,
_bनई दिल्ली
_e110062
300 _a102पृ.
_c22 सेमी. (अजिल्द)
942 _2ddc
_cHN
_h821
_mसभाचं
999 _c213580
_d213580